| 000 | 003890000a22001210004500 | ||
|---|---|---|---|
| 090 |
_aAS _bSeriadas |
||
| 245 | 1 | 0 | _aEscorpiones (<Chelicerata >) de Colombia I. La fauna de la isla Gorgona. aproximación biogeográfica |
| 041 | 0 | _aEspañol | |
| 700 | 1 |
_aFlórez Daza, Eduardo _97310 |
|
| 100 | 1 |
_aLourenco, Wilson R. _992750 |
|
| 942 | _cARTICULO | ||
| 773 | 1 |
_tCaldasia _345 _h76 _q66-70 _d1989 _g16 |
|
| 999 |
_c14671 _d14671 |
||